000 00284nam a2200121 a 4500
008 101214s1989|||| d
100 1 _aVysockí, Vladimír
245 1 0 _aČlovek. Poet. Akter
260 _bProgres
_aMoskva
_c1989
041 _arus
044 _axo
_cSK
020 _c15,50
999 _c15247
_d15247